<?xml version="1.0" encoding="UTF-8"?>
<record
    xmlns:xsi="http://www.w3.org/2001/XMLSchema-instance"
    xsi:schemaLocation="http://www.loc.gov/MARC21/slim http://www.loc.gov/standards/marcxml/schema/MARC21slim.xsd"
    xmlns="http://www.loc.gov/MARC21/slim">

  <leader>02783nam a2200385 a 4500</leader>
  <controlfield tag="003">CHAP</controlfield>
  <controlfield tag="005">20241113102001.0</controlfield>
  <controlfield tag="007">ta</controlfield>
  <controlfield tag="008">241111s2021    mx ad||fr|||| 001 0 spa d</controlfield>
  <datafield tag="020" ind1=" " ind2=" ">
    <subfield code="a">978-607-17-4232-2</subfield>
  </datafield>
  <datafield tag="040" ind1=" " ind2=" ">
    <subfield code="a">mxchpua</subfield>
    <subfield code="c">CHAP</subfield>
    <subfield code="e">rda</subfield>
  </datafield>
  <datafield tag="041" ind1=" " ind2=" ">
    <subfield code="a">spa</subfield>
    <subfield code="b">spa</subfield>
    <subfield code="f">spa</subfield>
    <subfield code="h">spa</subfield>
  </datafield>
  <datafield tag="050" ind1="1" ind2="0">
    <subfield code="a">QR41.2</subfield>
    <subfield code="b">.T43 2021</subfield>
  </datafield>
  <datafield tag="082" ind1="0" ind2="0">
    <subfield code="a">576</subfield>
    <subfield code="b">T43 2021</subfield>
  </datafield>
  <datafield tag="100" ind1="1" ind2=" ">
    <subfield code="a">Ram&#xED;rez Gama, Rosa Mar&#xED;a</subfield>
    <subfield code="9">189738</subfield>
  </datafield>
  <datafield tag="245" ind1="1" ind2="0">
    <subfield code="a">T&#xE9;cnicas b&#xE1;sicas de microbiolog&#xED;a y su fundamento /</subfield>
    <subfield code="c">Rosa Mar&#xED;a Ram&#xED;rez Gama, Mar&#xED;a del Carmen Urz&#xFA;a Hern&#xE1;ndez, Alejandro Camacho Cruz, Mar&#xED;a Guadalupe Tsuzuki Reyes y Rosalva Esquivel-Cote</subfield>
  </datafield>
  <datafield tag="250" ind1=" " ind2=" ">
    <subfield code="a">2a edici&#xF3;n</subfield>
  </datafield>
  <datafield tag="264" ind1=" " ind2=" ">
    <subfield code="a">M&#xE9;xico :</subfield>
    <subfield code="b">Trillas,</subfield>
    <subfield code="c">2021</subfield>
  </datafield>
  <datafield tag="300" ind1=" " ind2=" ">
    <subfield code="a">415 p&#xE1;ginas :</subfield>
    <subfield code="b">ilustraciones, gr&#xE1;ficas, diagramas, tablas</subfield>
  </datafield>
  <datafield tag="336" ind1=" " ind2=" ">
    <subfield code="2">rdacontent</subfield>
    <subfield code="a">texto</subfield>
    <subfield code="b">txt</subfield>
  </datafield>
  <datafield tag="337" ind1=" " ind2=" ">
    <subfield code="2">rdamedia</subfield>
    <subfield code="a">sin medio</subfield>
    <subfield code="b">n</subfield>
  </datafield>
  <datafield tag="338" ind1=" " ind2=" ">
    <subfield code="2">rdacarrier</subfield>
    <subfield code="a">volumen</subfield>
    <subfield code="b">nc</subfield>
  </datafield>
  <datafield tag="504" ind1=" " ind2=" ">
    <subfield code="a">Incluye bibliograf&#xED;as</subfield>
  </datafield>
  <datafield tag="505" ind1="0" ind2=" ">
    <subfield code="a">Higiene y seguridad en el laboratorio microbiol&#xF3;gico --
Estudio microsc&#xF3;pico de los microorganismos --
T&#xE9;cnicas b&#xE1;sicas para el cultivo de microorganismos --
Cultivo y caracterizaci&#xF3;n de microorganismos --
Aislamiento de microorganismos --
T&#xE9;cnicas para la cuantificaci&#xF3;n de microorganismos --
Nutrici&#xF3;n microbiana --
Metabolismo microbiano --
T&#xE9;cnicas alternativas de identificaci&#xF3;n --
Influencia de los factores ambientales sobre el crecimiento y muerte de los microorganismos --
Asociaciones microbianas --
Detecci&#xF3;n r&#xE1;pida de microorganismos mediante el empleo de medios cromog&#xE9;nicos y fluorog&#xE9;nicos --
T&#xE9;cnicas de identificaci&#xF3;n alternativas</subfield>
  </datafield>
  <datafield tag="520" ind1="2" ind2=" ">
    <subfield code="a">Este manual fue ideado para servir como material de apoyo en la asignatura de T&#xE9;cnicas b&#xE1;sicas de microbiolog&#xED;a, que se cursa en las carreras de Qu&#xED;mica Farmac&#xE9;utica Biol&#xF3;gica, Qu&#xED;mica de Alimentos, Qu&#xED;mico Bi&#xF3;logo Parasit&#xF3;logo, Biolog&#xED;a, Qu&#xED;mica Ambiental, Odontolog&#xED;a, Medicina, Enfermer&#xED;a, Veterinaria, Agronom&#xED;a, Qu&#xED;mico Farmac&#xE9;utico Industrial e Ingenier&#xED;a Bioqu&#xED;mica.
El texto es claro en la exposici&#xF3;n de los principios b&#xE1;sicos de la microbiolog&#xED;a e incluye recursos did&#xE1;cticos que favorecen la comprensi&#xF3;n de los temas tratados, tales como ejercicios, pr&#xE1;cticas, ilustraciones, y cuadros resumen, adem&#xE1;s de informaci&#xF3;n actualizada.</subfield>
  </datafield>
  <datafield tag="650" ind1="1" ind2="3">
    <subfield code="a">Microbiolog&#xED;a</subfield>
    <subfield code="x">Manuales</subfield>
    <subfield code="2">atg</subfield>
    <subfield code="9">140517</subfield>
  </datafield>
  <datafield tag="650" ind1="1" ind2="7">
    <subfield code="a">Microorganismos</subfield>
    <subfield code="2">atg</subfield>
    <subfield code="x">An&#xE1;lisis</subfield>
    <subfield code="9">75519</subfield>
  </datafield>
  <datafield tag="650" ind1="1" ind2="3">
    <subfield code="a">Microbiology</subfield>
    <subfield code="x">Handbooks, manuals, etc</subfield>
    <subfield code="2">atg</subfield>
    <subfield code="9">150556</subfield>
  </datafield>
  <datafield tag="650" ind1="1" ind2="3">
    <subfield code="a">Microorganisms</subfield>
    <subfield code="x">Analysis</subfield>
    <subfield code="2">atg</subfield>
    <subfield code="9">150546</subfield>
  </datafield>
  <datafield tag="700" ind1="1" ind2=" ">
    <subfield code="a">Urz&#xFA;a Hern&#xE1;ndez, Mar&#xED;a del Carmen</subfield>
    <subfield code="9">189739</subfield>
    <subfield code="e">autora</subfield>
  </datafield>
  <datafield tag="700" ind1="1" ind2=" ">
    <subfield code="a">Camacho Cruz, Alejandro</subfield>
    <subfield code="9">189740</subfield>
    <subfield code="e">autor</subfield>
  </datafield>
  <datafield tag="700" ind1="1" ind2=" ">
    <subfield code="a">Tsuzuki Reyes, Mar&#xED;a Guadalupe</subfield>
    <subfield code="9">189741</subfield>
    <subfield code="e">autora</subfield>
  </datafield>
  <datafield tag="700" ind1="1" ind2=" ">
    <subfield code="a">Esquivel-Cote, Rosalva</subfield>
    <subfield code="9">189742</subfield>
    <subfield code="e">autora</subfield>
  </datafield>
  <datafield tag="942" ind1=" " ind2=" ">
    <subfield code="2">ddc</subfield>
    <subfield code="c">LIBRO</subfield>
  </datafield>
  <datafield tag="999" ind1=" " ind2=" ">
    <subfield code="c">220251</subfield>
    <subfield code="d">220251</subfield>
  </datafield>
  <datafield tag="952" ind1=" " ind2=" ">
    <subfield code="0">0</subfield>
    <subfield code="1">0</subfield>
    <subfield code="2">ddc</subfield>
    <subfield code="4">0</subfield>
    <subfield code="5">1</subfield>
    <subfield code="7">0</subfield>
    <subfield code="8">GRAL</subfield>
    <subfield code="a">IA_</subfield>
    <subfield code="b">IA_</subfield>
    <subfield code="d">2024-10-14</subfield>
    <subfield code="e">Compra Librer&#xED;a UACh F. 44564</subfield>
    <subfield code="i">C/e</subfield>
    <subfield code="l">0</subfield>
    <subfield code="o">576 T43 2021</subfield>
    <subfield code="p">1102015019</subfield>
    <subfield code="r">2024-11-11 18:38:38</subfield>
    <subfield code="t">Ej. 1</subfield>
    <subfield code="w">2024-10-14</subfield>
    <subfield code="y">LIBRO</subfield>
  </datafield>
  <datafield tag="952" ind1=" " ind2=" ">
    <subfield code="0">0</subfield>
    <subfield code="1">0</subfield>
    <subfield code="2">ddc</subfield>
    <subfield code="4">0</subfield>
    <subfield code="5">5</subfield>
    <subfield code="7">0</subfield>
    <subfield code="8">GRAL</subfield>
    <subfield code="a">IA_</subfield>
    <subfield code="b">IA_</subfield>
    <subfield code="d">2024-10-14</subfield>
    <subfield code="e">Compra Librer&#xED;a UACh F. 44564</subfield>
    <subfield code="i">C/e</subfield>
    <subfield code="l">2</subfield>
    <subfield code="o">576 T43 2021</subfield>
    <subfield code="p">1102015020</subfield>
    <subfield code="r">2026-02-26 15:59:26</subfield>
    <subfield code="s">2026-02-26</subfield>
    <subfield code="t">Ej. 2</subfield>
    <subfield code="w">2024-10-14</subfield>
    <subfield code="y">LIBRO</subfield>
  </datafield>
  <datafield tag="952" ind1=" " ind2=" ">
    <subfield code="0">0</subfield>
    <subfield code="1">0</subfield>
    <subfield code="2">ddc</subfield>
    <subfield code="4">0</subfield>
    <subfield code="5">5</subfield>
    <subfield code="7">0</subfield>
    <subfield code="8">GRAL</subfield>
    <subfield code="a">IA_</subfield>
    <subfield code="b">IA_</subfield>
    <subfield code="d">2024-10-14</subfield>
    <subfield code="e">Compra Librer&#xED;a UACh F. 44564</subfield>
    <subfield code="i">C/e</subfield>
    <subfield code="l">5</subfield>
    <subfield code="o">576 T43 2021</subfield>
    <subfield code="p">1102015021</subfield>
    <subfield code="r">2026-03-02 18:32:21</subfield>
    <subfield code="s">2026-03-02</subfield>
    <subfield code="t">Ej. 3</subfield>
    <subfield code="w">2024-10-14</subfield>
    <subfield code="y">LIBRO</subfield>
  </datafield>
</record>
